Which Telugu Number? - Statistics

General Stats
  • This quiz has been taken 33 times
    32 since last reset
  • The average score is 4 of 10
Answer Stats
Hint Answer % Correct
3
70%
0
60%
2
50%
4
40%
1
30%
5
30%
7
30%
6
20%
8
20%
9
20%
No matching quizzes found
Score Distribution
Percent of People with Each Score
Percentile by Number Answered
Your Score History
You have not taken this quiz since the last reset